00496nam a2200157Ia 4500082001200000100002600012245010400038260003800142300000900180650004300189650002100232650002900253650002000282710001600302710002000318 aTS.0866 aSingh, Basant Bahadur 0aDeveloping kindness in school children by discussion of value dilemmas presented through video mode c1993bDevi Ahilya Vishwavidyalaya av.p. aSCHOOL CHILDREN - EDUCATIONvEDUCATION aHUMANE EDUCATION aVIDEO TAPES IN EDUCATION aMORAL EDUCATION aPassi, B.K. aPrabhakar Singh